Commutative algebra
Guardat en:
| Autors principals: | , |
|---|---|
| Format: | Llibre |
| Idioma: | anglès |
| Publicat: |
Nueva York
Springer-Verlag
1958
|
| Col·lecció: | Graduate Texts in Mathematics, 28
|
| Matèries: | |
| Etiquetes: |
Afegir etiqueta
Sense etiquetes, Sigues el primer a etiquetar aquest registre!
|
MARC
| LEADER | 00000nam a2200000 a 4500 | ||
|---|---|---|---|
| 001 | UCQ9190 | ||
| 003 | CL-VaPUC | ||
| 008 | 981230e19580000US |||||||||||||||||eng|d | ||
| 082 | 0 | 4 | |a 512.24 |b ZAR |2 21 |
| 100 | 0 | |a Zariski, Oscar |e author |9 423658 | |
| 700 | 0 | |a Samuel, Pierre |e author |9 423659 | |
| 245 | 1 | 0 | |a Commutative algebra |
| 300 | |a 2 v | ||
| 942 | |c BK | ||
| 945 | |d 19981230 00:00:00 |a crobeson | ||
| 260 | |a Nueva York |b Springer-Verlag |c 1958 | ||
| 650 | 0 | |a Álgebra conmutativa |9 269932 | |
| 650 | 0 | |a Polinomios |9 270626 | |
| 650 | 0 | |a Anillos |9 374316 | |
| 583 | |a last modification |c 19981230 00:00:00 |k Rodrigo Vera | ||
| 490 | 0 | |a Graduate Texts in Mathematics, 28 | |
| 999 | |c 278280 |d 278278 | ||
| 952 | |0 0 |1 0 |4 0 |6 512_240000000000000_ZAR_1958 |7 0 |8 A |9 316747 |a BIBMAT |b BIBMAT |d 2019-11-20 |h v.1 |i 1313045 |o 512.24 ZAR 1958 |p 1313045 |r 2025-01-07 |w 2019-11-20 |y BK |k MAT | ||
| 952 | |0 0 |1 0 |4 0 |6 512_240000000000000_ZAR_1958 |7 0 |8 A |9 316748 |a BIBMAT |b BIBMAT |d 2019-11-20 |h v.2 |i 1313053 |o 512.24 ZAR 1958 |p 1313053 |r 2025-01-07 |w 2019-11-20 |y BK |k MAT | ||